00375nam a2200157Ia 4500008004100000020001200041040001900053041001200072082002200084245001800106260003000124300001900154650002000173651000900193850001500202131103s9999 xx 000 0 und d cRs.1.00 aLoreto College aEnglish aREF3bLCBED/11200 aSri Aurobindo aNew DelhibM. I. B.c1991 a31 p. c 8 cm. aAurobindo, Sri  aREF3 aLCBED/REF3